| 000 | 00589nam a22001817a 4500 | ||
|---|---|---|---|
| 005 | 20260119165700.0 | ||
| 010 | _aENG-147529 | ||
| 020 |
_a9789386850058 _c499.00 |
||
| 035 | _aEN-131061 | ||
| 037 | _bDBAD | ||
| 082 |
_21 _a643.3 |
||
| 100 |
_aSahay, Pallavi Nigam _986587 |
||
| 245 |
_aThe Bhojpuri Kichen/ _cPallavi Nigam Sahay |
||
| 260 |
_aChennai _bWestland Publications _c2017 |
||
| 270 |
_bChennai _a1st Floor,A Block,East Wing,Plot No.40,SP Infocity,Dr MGR Salai,Perungudi,Kandanchavadi, _e600096 |
||
| 300 |
_a164p. _c23cm(pb) |
||
| 942 |
_2ddc _cEN _mSAH _h643.3 |
||
| 999 |
_c214283 _d214283 |
||